[Event "Euro Online U2300 Day 1"]
[Site "chess.com INT"]
[Date "2020.05.25"]
[Round "5"]
[White "Babiy, Igor"]
[Black "Pavlov, Mikhail"]
[Result "1-0"]
[WhiteElo "2243"]
[BlackElo "2091"]
[WhiteFideId "14136244"]
[BlackFideId "44126573"]
[EventDate "2020.05.25"]

1. Nf3 Nf6 2. c4 c5 3. Nc3 e6 4. g3 b6 5. Bg2 Bb7 6. O-O a6 7. d4 cxd4 8. Qxd4
Be7 9. Rd1 d6 10. b3 Nc6 11. Qf4 O-O 12. Ba3 Ne8 13. Rac1 Qc7 14. Nd5 exd5 15.
cxd5 Rc8 16. Nd4 Nxd4 17. Rxc7 Nxe2+ 18. Kf1 Nxf4 19. Rxe7 Bxd5 20. Bxd5 Nxd5
21. Rxd5 Rc2 22. Re2 Rxe2 23. Kxe2 Nc7 24. Rd3 Re8+ 25. Kd2 d5 26. Bd6 Nb5 27.
Bf4 d4 28. a4 Nc3 29. Rxd4 Ne4+ 30. Kd3 Nxf2+ 31. Kc4 Rc8+ 32. Kb4 f6 33. Be3
Rc2 34. Rd8+ Kf7 35. Bxb6 Ne4 36. Rd4 f5 37. Ka5 Rxh2 38. Kxa6 Nxg3 39. Bc7 Rg2
40. b4 Ne4 41. b5 Ra2 42. b6 h5 43. a5 h4 44. Rxe4 fxe4 45. b7 e3 46. b8=Q e2
47. Qb3+ Kg6 48. Qe6+ Kh7 49. Kb7 1-0

[Event "Euro Online U2300 Day 1"]
[Site "chess.com INT"]
[Date "2020.05.25"]
[Round "5"]
[White "Terletsky, Oleg"]
[Black "Lagerman, Robert"]
[Result "1-0"]
[WhiteTitle "IM"]
[BlackTitle "FM"]
[WhiteElo "2307"]
[BlackElo "2298"]
[WhiteFideId "14116774"]
[BlackFideId "2300362"]
[EventDate "2020.05.25"]

1. e4 e5 2. Nf3 Nc6 3. Nc3 Nf6 4. d4 exd4 5. Nxd4 Bb4 6. Nxc6 bxc6 7. Bd3 d5 8.
exd5 cxd5 9. O-O O-O 10. Bg5 c6 11. Qf3 Bd6 12. Bxf6 Qxf6 13. Qxf6 gxf6 14. Ne2
c5 15. b3 Be6 16. Rad1 Rfd8 17. c4 d4 18. Ng3 a5 19. f4 a4 20. Nh5 f5 21. Ng3
axb3 22. axb3 Ra3 23. Rb1 Rb8 24. Bxf5 Raxb3 25. Rxb3 Rxb3 26. Bxe6 fxe6 27. Ne4
Be7 28. f5 exf5 29. Rxf5 Rb2 30. Nxc5 Rc2 31. Nd3 Rc3 32. Rf3 Rxc4 33. Rf4 Bd8
34. Kf2 Rc3 35. Ke2 Rc2+ 36. Kf3 Bb6 37. h3 Rd2 38. Rg4+ Kf7 39. Ne5+ Ke6 40.
Nc4 Rd3+ 41. Ke4 Rb3 42. Nxb6 Rxb6 43. Rh4 Rb2 44. g4 Rd2 45. Rxh7 d3 46. Rh6+
Ke7 47. Ke3 Rd1 48. Rh5 Kf6 49. Rf5+ Kg6 50. h4 Kh6 51. Rf6+ Kg7 52. Rd6 Rh1 53.
h5 Rh3+ 54. Kf4 Kf7 55. Kg5 Ke7 56. Rd4 Ke6 57. h6 Ke5 58. Rd8 Ke4 59. Kg6 Kf4
60. g5 Rg3 61. Rf8+ Ke3 62. h7 d2 63. Rd8 Rh3 64. Kg7 Ke2 65. Rxd2+ Kxd2 66.
h8=Q Rxh8 67. Kxh8 Ke3 68. g6 1-0

[Event "Euro Online U2300 Day 1"]
[Site "chess.com INT"]
[Date "2020.05.25"]
[Round "5"]
[White "Zenuni, Albert"]
[Black "Voracek, Miroslav"]
[Result "0-1"]
[WhiteElo "1981"]
[BlackElo "2226"]
[WhiteFideId "4702360"]
[BlackFideId "313335"]
[EventDate "2020.05.25"]

1. c4 e5 2. Nc3 Nf6 3. g3 d5 4. cxd5 Nxd5 5. Bg2 Nb6 6. Nf3 Nc6 7. O-O Be7 8. a3
O-O 9. b4 Be6 10. d3 f6 11. Bb2 a5 12. b5 Nd4 13. Nxd4 exd4 14. Ne4 Qd7 15. Rb1
a4 16. Nd2 Bd5 17. f3 Ra5 18. Bxd4 Bxa3 19. Bxb6 cxb6 20. e4 Bc5+ 21. Kh1 Bf7
22. Nc4 Bxc4 23. dxc4 Rd8 24. Qc2 Qd2 25. Rb2 Qxc2 26. Rxc2 a3 27. Ra2 Rd4 28.
Bh3 Kf7 29. Rc1 Rd3 30. Kg2 Ra4 31. Bc8 Rb4 32. Rcc2 Rb1 33. Bxb7 Rg1+ 34. Kh3
Rxf3 35. e5 Re3 36. Bd5+ Ke7 37. exf6+ Kxf6 38. Rf2+ Kg5 39. Rf7 Kg6 40. Rc7
Rge1 41. Rf2 Re7 42. Rc6+ Kg5 43. Ra2 R7e2 44. Rxe2 Rxe2 45. Rc7 Kh6 46. g4 a2
47. Ra7 Re3+ 48. Kg2 Ra3 49. Rxa3 Bxa3 50. c5 a1=Q 51. cxb6 Bd6 52. Bc6 Qb2+ 53.
Kf3 Qc3+ 54. Ke4 Qc4+ 55. Ke3 Qc5+ 56. Ke4 Qxb6 57. Kd5 Qc5+ 58. Ke6 Bc7 59. Kd7
Qd6+ 60. Kc8 Qd8+ 0-1

[Event "Euro Online U2300 Day 1"]
[Site "chess.com INT"]
[Date "2020.05.25"]
[Round "5"]
[White "Volovich, Vasily"]
[Black "Mica, Marek"]
[Result "0-1"]
[WhiteTitle "FM"]
[BlackTitle "FM"]
[WhiteElo "2177"]
[BlackElo "2324"]
[WhiteFideId "34169676"]
[BlackFideId "382884"]
[EventDate "2020.05.25"]

1. e4 e6 2. d4 d5 3. Bd3 Nf6 4. e5 Nfd7 5. Nf3 c5 6. c3 Nc6 7. O-O Be7 8. Re1
Qb6 9. Bc2 h6 10. a3 a5 11. b3 cxd4 12. cxd4 g5 13. h3 Rg8 14. Be3 Nf8 15. Nc3
Bd7 16. Bd3 Ng6 17. Bf1 Rc8 18. Qd2 Bf8 19. Rec1 Nge7 20. Na4 Qd8 21. Nc5 Qb6
22. Bd3 Ng6 23. b4 axb4 24. axb4 Qxb4 25. Qe2 Bxc5 26. Rxc5 Kf8 27. Rb1 Qa3 28.
Rxb7 Be8 29. Qc2 Nf4 30. Bb5 Nb4 31. Qd2 Qa1+ 32. Kh2 Rxc5 33. dxc5 Bxb5 34.
Qxb4 Qf1 35. Bxf4 gxf4 36. c6+ Kg7 37. Rxb5 Kh7 38. Ne1 f3 39. Qc3 Rxg2+ 40.
Nxg2 Qxg2# 0-1

[Event "Euro Online U2300 Day 1"]
[Site "chess.com INT"]
[Date "2020.05.25"]
[Round "5"]
[White "Marchesich, Giovanni"]
[Black "Sivan, Yaacov"]
[Result "1/2-1/2"]
[BlackTitle "IM"]
[WhiteElo "2046"]
[BlackElo "2312"]
[WhiteFideId "2824790"]
[BlackFideId "2800730"]
[EventDate "2020.05.25"]

1. e4 c5 2. Nf3 Nc6 3. d4 cxd4 4. Nxd4 g6 5. c4 Bg7 6. Be3 Nf6 7. Nc3 O-O 8. Be2
d6 9. O-O Bd7 10. Qd2 Ng4 11. Bxg4 Bxg4 12. f3 Bd7 13. Rfd1 a6 14. Rac1 Rc8 15.
Kh1 Nxd4 16. Bxd4 Rxc4 17. Bxg7 Kxg7 18. b3 Rc6 19. Nd5 Rxc1 20. Rxc1 Bc6 21.
Nb4 Bb5 22. a4 Bd7 23. Qc3+ f6 24. Qc7 Qxc7 25. Rxc7 Rc8 26. Rxc8 Bxc8 27. Nc2
a5 28. Kg1 e5 29. b4 b6 30. b5 Be6 31. Na1 d5 32. exd5 Bxd5 33. Kf2 Kf7 34. Ke3
Ke6 35. Kd3 g5 36. Kc3 g4 37. fxg4 Bxg2 38. Nc2 Kd6 39. Ne3 Bf3 40. h4 h5 41.
gxh5 Bxh5 42. Nc4+ Kc5 43. Ne3 Bg6 44. Ng4 Kd6 45. Nxf6 Bf5 46. h5 Ke6 47. Ne8
Ke7 48. Nc7 Kd6 49. Na6 Bh7 50. h6 Ke6 51. Nc7+ Kd6 52. Na8 Kc5 53. Nc7 Kd6 54.
Ne8+ Ke7 55. Nc7 Kd6 1/2-1/2

[Event "Euro Online U2300 Day 1"]
[Site "chess.com INT"]
[Date "2020.05.25"]
[Round "5"]
[White "Navumenka, Mikhei"]
[Black "Baskin, Robert"]
[Result "0-1"]
[WhiteTitle "CM"]
[BlackTitle "IM"]
[WhiteElo "2105"]
[BlackElo "2390"]
[WhiteFideId "13514075"]
[BlackFideId "24662402"]
[EventDate "2020.05.25"]

1. d4 Nf6 2. c4 e6 3. g3 d5 4. Bg2 dxc4 5. Nf3 a6 6. Ne5 Bb4+ 7. Nc3 Nd5 8. Bd2
b5 9. e4 Nb6 10. Qg4 g6 11. O-O Qxd4 12. Nf3 Qg7 13. Nxb5 axb5 14. Bxb4 Nc6 15.
Bc3 e5 16. Qh4 f6 17. Ne1 h5 18. g4 g5 19. Qg3 hxg4 20. Nc2 O-O 21. Ne3 b4 22.
Bd2 Nd4 23. Rfe1 c5 24. Nxg4 Nc2 25. Ne3 Nxe1 26. Bxe1 Be6 27. a3 c3 28. bxc3
bxa3 29. Nf5 Bxf5 30. exf5 Ra7 31. Ra2 Qf7 32. c4 Nxc4 33. h4 Nd6 34. Rd2 a2 35.
Rxa2 Rxa2 36. hxg5 Nxf5 37. Qg4 Qg6 38. Bd5+ Kg7 39. gxf6+ Rxf6 40. Qxg6+ Rxg6+ 0-1

[Event "Euro Online U2300 Day 1"]
[Site "chess.com INT"]
[Date "2020.05.25"]
[Round "5"]
[White "Ristic, Nenad"]
[Black "Akca, Gani Eren"]
[Result "1-0"]
[WhiteTitle "GM"]
[WhiteElo "2332"]
[BlackElo "2142"]
[WhiteFideId "901318"]
[BlackFideId "6303013"]
[EventDate "2020.05.25"]

1. e4 e5 2. Nf3 Nc6 3. Bb5 a6 4. Bxc6 dxc6 5. O-O Bd6 6. d4 exd4 7. Qxd4 f6 8.
e5 fxe5 9. Nxe5 Be6 10. Bf4 Ne7 11. Nc4 Bxf4 12. Qxf4 Qd5 13. Ne3 Qd6 14. Qg3
Qxg3 15. hxg3 O-O-O 16. Nc3 Nd5 17. Ncd1 Rd7 18. c4 Nb4 19. Nc3 b5 20. b3 bxc4
21. bxc4 Rd4 22. a3 Nd3 23. Ne2 Re4 24. Rfd1 Nb2 25. Rd4 Rxd4 26. Nxd4 Bf7 27.
Rc1 Kd7 28. Rc2 Rb8 29. Nf3 Kd6 30. c5+ Ke7 31. Nd4 Kd7 32. Ng4 Bd5 33. Ne5+ Ke8
34. Nexc6 Bxc6 35. Nxc6 Rb3 36. Nd4 Rd3 37. Ne6 Rd1+ 38. Kh2 Nd3 39. Nxc7+ Kd7
40. Nxa6 Ne5 41. f3 h5 42. Nb4 g5 43. c6+ Kc8 44. Re2 Nc4 45. Na6 Nxa3 46. c7
Rc1 47. Re8+ Kb7 48. Rb8+ Kxa6 49. c8=Q+ Rxc8 50. Rxc8 Nb5 51. Rc6+ Kb7 52. Rc5
Nd6 53. Rxg5 Kc7 54. Rxh5 Kd7 55. g4 Ke7 56. Rh7+ Kf8 57. Ra7 Nc4 58. Kg3 Ne3
59. f4 Kg8 60. f5 Kf8 61. Kf3 Nd5 62. g5 Nc3 63. g6 Nd5 64. g4 Nf6 65. g5 Nd5
66. f6 Kg8 67. Ra8# 1-0

[Event "Euro Online U2300 Day 1"]
[Site "chess.com INT"]
[Date "2020.05.25"]
[Round "5"]
[White "Koskela, Niina"]
[Black "Kabanova, Ekaterina"]
[Result "0-1"]
[WhiteTitle "WGM"]
[BlackTitle "WFM"]
[WhiteElo "2197"]
[BlackElo "2138"]
[WhiteFideId "500755"]
[BlackFideId "24112917"]
[EventDate "2020.05.25"]

1. e4 c5 2. Nf3 e6 3. d3 Qc7 4. g3 b5 5. Bg2 Bb7 6. O-O d6 7. Nbd2 Nd7 8. Re1
Be7 9. Nf1 Ngf6 10. h4 h6 11. N1h2 a5 12. Qe2 e5 13. Nf1 Ng4 14. N3h2 Ngf6 15.
Ne3 g6 16. Rf1 a4 17. a3 Rc8 18. f4 exf4 19. gxf4 Nh5 20. Qf2 Ndf6 21. Bd2 Bf8
22. Bc3 Bg7 23. Nhg4 Nxg4 24. Nxg4 Bxc3 25. bxc3 Qe7 26. Rae1 Kf8 27. f5 g5 28.
d4 Nf4 29. d5 f6 30. Qe3 Qg7 31. Rxf4 gxf4 32. Qxf4 Rd8 33. Kh2 h5 34. Ne3 Rg8
35. Rg1 Rd7 36. Qf2 Qh6 37. Bf1 Rdg7 38. Rxg7 Rxg7 39. Be2 b4 40. cxb4 cxb4 41.
Nc4 Ba6 42. axb4 Qc1 43. Nxd6 Bxe2 44. e5 fxe5 45. f6 Rg4 46. Nf5 Qf4+ 0-1

[Event "Euro Online U2300 Day 1"]
[Site "chess.com INT"]
[Date "2020.05.25"]
[Round "5"]
[White "Zhukov, Anton"]
[Black "Atanasov, Radislav"]
[Result "0-1"]
[WhiteTitle "FM"]
[WhiteElo "2223"]
[BlackElo "2115"]
[WhiteFideId "34187534"]
[BlackFideId "2901471"]
[EventDate "2020.05.25"]

1. d4 Nf6 2. c4 c5 3. d5 e6 4. Nc3 exd5 5. cxd5 d6 6. e4 g6 7. f4 Bg7 8. Bb5+
Nbd7 9. e5 dxe5 10. fxe5 Nh5 11. Nf3 O-O 12. Bg5 Qb6 13. Be7 Nxe5 14. Bxf8 Kxf8
15. Nxe5 Bxe5 16. Qe2 Bd4 17. Rf1 Nf6 18. h3 a6 19. Ba4 Qb4 20. Rf3 Ne4 21. Kf1
Bxc3 22. bxc3 Qxa4 23. Re1 Bf5 24. g4 Re8 25. Kg1 Bxg4 26. hxg4 Nd6 27. Re3 Rxe3
28. Qxe3 Qxg4+ 29. Kf2 Qf5+ 30. Qf3 Qxf3+ 31. Kxf3 b5 32. Kf4 h6 33. Ke5 Ke7 34.
a4 bxa4 35. Ra1 a3 36. Kf4 Nc4 37. Ke4 h5 38. Kd3 Ne5+ 39. Ke4 Nc4 40. Kd3 Ne5+
41. Ke4 Kd6 42. Rxa3 f5+ 43. Kf4 Kxd5 44. Rxa6 Nd3+ 45. Ke3 c4 46. Rxg6 f4+ 47.
Kf3 Ne5+ 48. Kxf4 Nxg6+ 49. Kg5 Ke4 50. Kxh5 0-1

[Event "Euro Online U2300 Day 1"]
[Site "chess.com INT"]
[Date "2020.05.25"]
[Round "5"]
[White "Santos, Luis"]
[Black "Schekachikhin, Maksim"]
[Result "0-1"]
[WhiteTitle "IM"]
[BlackTitle "IM"]
[WhiteElo "2269"]
[BlackElo "2406"]
[WhiteFideId "1900056"]
[BlackFideId "24177830"]
[EventDate "2020.05.25"]

1. c4 e6 2. Nc3 d5 3. d4 c6 4. Nf3 Nf6 5. Bg5 h6 6. Bh4 dxc4 7. e4 g5 8. Bg3 b5
9. h4 g4 10. Ne5 Rg8 11. Qc2 Bb7 12. O-O-O a6 13. h5 Nbd7 14. Bh4 Be7 15. f3
gxf3 16. gxf3 Qc7 17. Nxd7 Nxd7 18. Bxe7 Qf4+ 19. Qd2 Qxd2+ 20. Kxd2 Kxe7 21.
Ke3 Rad8 22. Be2 Rg2 23. f4 Nf6 24. Rdf1 c5 25. dxc5 Nxe4 26. Nxe4 Rxe2+ 27.
Kxe2 Bxe4 28. Rh3 Bg2 29. Ra3 Bxf1+ 30. Kxf1 Rc8 31. Rxa6 Rxc5 32. a4 bxa4 33.
Rxa4 Kf6 34. Kf2 Rxh5 35. Rxc4 Rh2+ 36. Kg3 Rxb2 37. Rc5 Rd2 38. Kg4 Rd5 39. Rc8
h5+ 40. Kh4 Kf5 41. Rc4 Rd1 42. Kg3 Rg1+ 43. Kf2 Rd1 44. Kg3 f6 45. Ra4 Rd3+ 46.
Kh4 Rf3 47. Ra5+ Kxf4 48. Kxh5 Rg3 49. Ra1 f5 50. Kh4 Rg8 51. Rf1+ Ke5 52. Re1+
Kf6 0-1

[Event "Euro Online U2300 Day 1"]
[Site "chess.com INT"]
[Date "2020.05.25"]
[Round "5"]
[White "Plaksin, Igor"]
[Black "Bulatov, Ramil"]
[Result "1-0"]
[WhiteElo "1868"]
[BlackElo "2222"]
[WhiteFideId "34182117"]
[BlackFideId "4166140"]
[EventDate "2020.05.25"]

1. e4 e6 2. d4 d5 3. Bd3 c5 4. exd5 exd5 5. dxc5 Bxc5 6. Nf3 Nf6 7. h3 O-O 8.
O-O Nc6 9. c3 Re8 10. Bf4 Ne4 11. Nbd2 Qb6 12. Bxe4 dxe4 13. Ng5 Bf5 14. b4
Bxf2+ 15. Rxf2 e3 16. Bxe3 Qxe3 17. Qf3 Qxg5 18. Qxf5 Qxf5 19. Rxf5 Rad8 20. Nb3
Re3 21. Raf1 f6 22. Rc5 Rdd3 23. b5 Ne5 24. Rc8+ Kf7 25. Rc7+ Rd7 26. Rxd7+ Nxd7
27. Rc1 Re2 28. a4 Ra2 29. a5 Ne5 30. c4 Nd3 31. Rd1 Ne5 32. c5 Rb2 33. Nd4 g6
34. a6 bxa6 35. c6 Nc4 36. c7 Nb6 37. Nc6 axb5 38. Rd8 Rc2 39. c8=Q Nxc8 40.
Rxc8 Kg7 41. Nxa7 Rxc8 42. Nxc8 b4 43. Nd6 f5 44. Kf2 b3 45. Nc4 Kf6 46. Ke3 Kg5
47. Kf3 h5 48. Kg3 h4+ 49. Kf3 Kf6 50. Ke3 Kg5 51. Nb2 Kf6 52. Nd3 g5 53. Kd4 g4
54. Kc3 Kg5 55. Kxb3 f4 56. Kc3 f3 57. gxf3 gxh3 58. Kd2 h2 59. Nf2 Kf4 60. Ke2
Kg3 61. Ke3 h3 62. f4 Kg2 63. f5 h1=Q 64. Nxh1 Kxh1 65. f6 Kg2 66. f7 h2 67.
f8=Q h1=Q 68. Qg7+ Kf1 69. Qf6+ Kg2 70. Qg5+ Kf1 71. Qf4+ Kg2 72. Qg4+ Kh2 73.
Kf2 Qf1+ 74. Kxf1 Kh1 75. Qg1# 1-0

[Event "Euro Online U2300 Day 1"]
[Site "chess.com INT"]
[Date "2020.05.25"]
[Round "5"]
[White "Skliarov, Viktor"]
[Black "Daianu, Cristian-Clement"]
[Result "1-0"]
[WhiteTitle "IM"]
[BlackTitle "FM"]
[WhiteElo "2376"]
[BlackElo "2224"]
[WhiteFideId "14106736"]
[BlackFideId "1208926"]
[EventDate "2020.05.25"]

1. e4 c5 2. Nf3 d6 3. d4 cxd4 4. Qxd4 Nf6 5. Nc3 Nc6 6. Bb5 Bd7 7. Bxc6 Bxc6 8.
Bg5 e6 9. O-O-O Be7 10. Rhe1 O-O 11. Kb1 Qa5 12. Qd2 Qa6 13. g4 b5 14. a3 Rab8
15. Bxf6 Bxf6 16. g5 Be7 17. Na2 Qb7 18. Qe3 b4 19. axb4 a5 20. Nd4 axb4 21. f4
Bd7 22. f5 e5 23. Nb3 Rfc8 24. f6 Bf8 25. fxg7 Be7 26. h4 Be6 27. Nac1 Ra8 28.
h5 Qc6 29. Re2 Qa4 30. g6 Bxb3 31. Nxb3 Qa2+ 32. Kc1 Kxg7 33. h6+ Kh8 34. gxf7
Rf8 35. Rf1 1-0

[Event "Euro Online U2300 Day 1"]
[Site "chess.com INT"]
[Date "2020.05.25"]
[Round "5"]
[White "Toman, Jan"]
[Black "Agrest, Inna"]
[Result "0-1"]
[BlackTitle "WIM"]
[WhiteElo "2072"]
[BlackElo "2284"]
[WhiteFideId "321451"]
[BlackFideId "1708830"]
[EventDate "2020.05.25"]

1. Nf3 Nf6 2. g3 g6 3. Bg2 Bg7 4. O-O O-O 5. d3 d6 6. Nbd2 e5 7. a4 Nc6 8. e4 h6
9. c3 Nd7 10. Nc4 f5 11. exf5 gxf5 12. b4 Nf6 13. Qe2 Qe8 14. b5 Ne7 15. Ba3 Qh5
16. Ncxe5 dxe5 17. Bxe7 Re8 18. Bxf6 Bxf6 19. Nd4 Qf7 20. Rfe1 Bd7 21. Nc2 c6
22. Nb4 Rac8 23. bxc6 bxc6 24. Qe3 a5 25. Na6 f4 26. Qe4 Bg7 27. Nc5 Bf5 28. Qe2
Rcd8 29. Rab1 Qg6 30. Be4 Rf8 31. Rb7 Rb8 32. Rc7 Rbc8 33. Ra7 Ra8 34. Rc7 Rac8
35. Rb7 Rf7 36. Rxf7 Qxf7 37. Bxf5 Qxf5 38. Qe4 Qf7 0-1

[Event "Euro Online U2300 Day 1"]
[Site "chess.com INT"]
[Date "2020.05.25"]
[Round "5"]
[White "Kacprzak, Kacper"]
[Black "Efimenko, Maria"]
[Result "1-0"]
[BlackTitle "WIM"]
[WhiteElo "1977"]
[BlackElo "2245"]
[WhiteFideId "21819319"]
[BlackFideId "14124327"]
[EventDate "2020.05.25"]

1. e4 g6 2. d4 Bg7 3. Nc3 d6 4. Be3 Nd7 5. f4 a6 6. Qf3 e6 7. g4 h5 8. g5 Ne7 9.
O-O-O b5 10. e5 d5 11. a3 c6 12. Bd2 a5 13. Nce2 Qb6 14. c3 Bb7 15. Qf2 O-O 16.
Nf3 c5 17. Kb1 c4 18. Qe1 Nb8 19. Bh3 Nbc6 20. f5 exf5 21. Bg2 Nd8 22. Nf4 Ne6
23. Nxe6 fxe6 24. Ka1 Bc6 25. Rb1 Rfb8 26. Qd1 b4 27. Rf1 Bf8 28. Qc2 Qc7 29.
Rf2 Qd7 30. Nh4 Ba4 31. Qc1 Bb3 32. Bf3 Kg7 33. Ng2 Qe8 34. Nf4 Rb6 35. Be3 Raa6
36. Rg2 Ng8 37. Bxd5 exd5 38. Nxd5 Rb7 39. Qf1 Qa4 40. Bc1 bxa3 41. bxa3 Bxa3
42. Ra2 Bxa2 43. Rxb7+ Kh8 44. Bxa3 Qxa3 45. Qe2 Bb3+ 46. Kb1 Ba4 47. Qxc4 Rc6
48. Nf6 Nxf6 49. Rb8+ Kh7 50. Qf7# 1-0

[Event "Euro Online U2300 Day 1"]
[Site "chess.com INT"]
[Date "2020.05.25"]
[Round "5"]
[White "Romashov, Anton"]
[Black "Lebedev, Mikhail S."]
[Result "0-1"]
[WhiteElo "2070"]
[BlackElo "2131"]
[WhiteFideId "14116758"]
[BlackFideId "24130303"]
[EventDate "2020.05.25"]

1. Nf3 Nf6 2. g3 g6 3. Bg2 Bg7 4. O-O O-O 5. c4 d6 6. Nc3 Nc6 7. b3 e5 8. Bb2
Re8 9. d4 e4 10. Nd2 Bf5 11. d5 Nb8 12. Nb5 Na6 13. Nd4 Bd7 14. Qb1 Qe7 15. e3
c5 16. dxc6 bxc6 17. Bc3 c5 18. Nb5 Bc6 19. a3 d5 20. Qb2 Rad8 21. Nxa7 Ba8 22.
b4 d4 23. exd4 Qxa7 24. dxc5 Nh5 25. Bxg7 Nxg7 26. Rfe1 f5 27. Nb3 Ne6 28. Rad1
Qe7 29. Rd5 Nac7 30. Rxd8 Rxd8 31. Na5 Ng5 32. c6 Nce6 33. b5 Nd4 34. Rd1 Ndf3+
35. Bxf3 Nxf3+ 36. Kg2 Rxd1 37. b6 Rg1+ 38. Kh3 Qg5 39. b7 Qg4# 0-1

[Event "Euro Online U2300 Day 1"]
[Site "chess.com INT"]
[Date "2020.05.25"]
[Round "5"]
[White "Khazieva, Elza"]
[Black "De Blecourt, Sandra"]
[Result "1-0"]
[WhiteTitle "WFM"]
[BlackTitle "WFM"]
[WhiteElo "2016"]
[BlackElo "2038"]
[WhiteFideId "4100166"]
[BlackFideId "1004948"]
[EventDate "2020.05.25"]

1. e4 c5 2. Nf3 e6 3. d3 Nc6 4. g3 g6 5. Bg2 Bg7 6. O-O Nge7 7. Re1 O-O 8. e5 d6
9. exd6 Qxd6 10. Nbd2 Qc7 11. Nc4 b5 12. Bf4 Qd8 13. Nfe5 Bb7 14. Nd6 Qxd6 15.
Nxc6 Qd7 16. Nxe7+ Qxe7 17. Be5 Bxg2 18. Bxg7 Kxg7 19. Kxg2 Qf6 20. Rb1 Rfd8 21.
Re4 Rd5 22. Rf4 Qe7 23. Qe1 Rad8 24. a4 a6 25. Qc3+ Rd4 26. axb5 axb5 27. b4 e5
28. Rxd4 cxd4 29. Qc6 Qd7 30. Qxd7 Rxd7 31. Kf3 f5 32. Ke2 e4 33. Ra1 Rc7 34.
Kd2 Kf6 35. Ra6+ Kg5 36. h3 Rb7 37. Rd6 h5 38. Rxd4 exd3 39. Kxd3 Rb6 40. h4+
Kf6 41. c4 bxc4+ 42. Kxc4 Ke5 43. Rf4 Kd6 44. b5 Rb8 45. Rd4+ Kc7 46. Kc5 Re8
47. b6+ Kb8 48. Rd6 Re2 49. f4 Rc2+ 50. Kd5 Rd2+ 51. Kc6 Rc2+ 52. Kd7 1-0

[Event "Euro Online U2300 Day 1"]
[Site "chess.com INT"]
[Date "2020.05.25"]
[Round "5"]
[White "Ivanisvili, Andrejs"]
[Black "Cevizci, Yusuf Baran"]
[Result "0-1"]
[WhiteElo "2233"]
[BlackElo "1789"]
[WhiteFideId "11601485"]
[BlackFideId "34565400"]
[EventDate "2020.05.25"]

1. d4 d5 2. Nf3 c5 3. e3 cxd4 4. exd4 Nc6 5. c3 Nf6 6. h3 g6 7. Bd3 Bg7 8. O-O
O-O 9. Nbd2 Qc7 10. b3 Nh5 11. Bb2 Nf4 12. Qc2 Qd7 13. Kh2 Nxg2 14. Kxg2 Qxh3+
15. Kg1 e5 16. Be2 Bg4 17. Qd1 e4 18. Nh2 Bxe2 19. Qxe2 f5 20. Qe3 Qh5 21. f4 g5
22. Qg3 g4 23. Rf2 Rf6 24. Nhf1 Qf7 25. Ne3 Ne7 26. c4 h5 27. Rh2 Rh6 28. Kf2
Bf6 29. Ng2 Ng6 30. Rah1 h4 31. Nxh4 Bxh4 32. Rxh4 e3+ 33. Kxe3 Rxh4 34. Rxh4
Qe7+ 35. Kf2 Qxh4 36. Qxh4 Nxh4 37. cxd5 Rd8 38. Nc4 Rxd5 39. Ne3 Ra5 40. a4 b5
41. Bc3 Ra6 42. a5 Rc6 43. Bb4 Rc1 44. d5 Kf7 45. Kg3 Rh1 46. Bc5 Rh3+ 47. Kf2
g3+ 48. Ke2 Rh2+ 49. Kd3 g2 50. Nxg2 Rxg2 51. Bxa7 Ra2 52. b4 Ng2 53. Bb8 Ke7
54. Kd4 Kd7 55. Kc5 Ne3 56. Kxb5 Nxd5 57. Kc5 Nc3 58. Kc4 Ne4 59. Kb5 Kc8 60.
Be5 Kb7 61. Kc4 Rc2+ 62. Kd5 Ka6 63. Ke6 Ng3 64. Bd6 Kb5 65. Bc5 Re2+ 66. Kf6
Rd2 67. Kg5 Rd5 68. Kf6 Ne4+ 69. Ke6 Rd1 70. Be7 Ng3 71. Kf6 Rd7 72. Bf8 Rb7 73.
Ke6 Rb8 74. Be7 Rh8 75. Kf6 Rh4 76. Ke5 Rh1 77. Bf8 Rf1 78. Bd6 Re1+ 79. Kf6
Ne4+ 80. Ke7 Nxd6+ 81. Kxd6 Kxb4 82. a6 Ra1 83. Ke5 Rxa6 84. Kxf5 Kc5 85. Kg5
Kd5 86. f5 Ke5 0-1

[Event "Euro Online U2300 Day 1"]
[Site "chess.com INT"]
[Date "2020.05.25"]
[Round "5"]
[White "Reizniece-Ozola, Dana"]
[Black "Saveliev, Alexei"]
[Result "0-1"]
[WhiteTitle "WGM"]
[BlackTitle "IM"]
[WhiteElo "2311"]
[BlackElo "2352"]
[WhiteFideId "11601124"]
[BlackFideId "24128546"]
[EventDate "2020.05.25"]

1. c4 c5 2. Nf3 Nc6 3. d4 cxd4 4. Nxd4 e6 5. a3 Nf6 6. Nc3 d6 7. e4 Be7 8. Be2
O-O 9. Nf3 a6 10. O-O b6 11. Re1 Bb7 12. Bf1 Qc7 13. b3 Rfd8 14. Bb2 Rac8 15.
Rc1 Qb8 16. h3 Qa8 17. Bd3 Nb8 18. Bb1 Nbd7 19. Nd4 Re8 20. a4 Bd8 21. Qe2 Bc7
22. b4 Ne5 23. f4 Ng6 24. Qf2 Bb8 25. Qf1 b5 26. axb5 Ba7 27. Rcd1 e5 28. fxe5
dxe5 29. c5 exd4 30. Rxd4 axb5 31. Qxb5 Bb8 32. Qd3 Be5 33. Rc4 Red8 34. Qe2 Nf4
35. Qf3 Rd2 36. Bc1 Rxg2+ 37. Kh1 N6h5 38. Bxf4 Nxf4 39. Ne2 Rxe2 40. Rxe2 Nxe2
41. Qxe2 Ba6 0-1

[Event "Euro Online U2300 Day 1"]
[Site "chess.com INT"]
[Date "2020.05.25"]
[Round "5"]
[White "Sustov, Savva"]
[Black "Gara, Anita"]
[Result "0-1"]
[BlackTitle "IM"]
[WhiteElo "1710"]
[BlackElo "2345"]
[WhiteFideId "13908715"]
[BlackFideId "709751"]
[EventDate "2020.05.25"]

1. e4 c5 2. Nf3 Nc6 3. d4 cxd4 4. Nxd4 Nf6 5. Nc3 d6 6. f3 e5 7. Nb3 Be7 8. Be3
O-O 9. Qd2 a5 10. a4 Be6 11. O-O-O Nb4 12. Kb1 Rc8 13. g4 Qc7 14. g5 Nh5 15. Rc1
Rfd8 16. Nd5 Nxd5 17. exd5 Bf5 18. Bd3 Qd7 19. Bxf5 Qxf5 20. Nxa5 Nf4 21. Bxf4
exf4 22. Nxb7 Rd7 23. Na5 Bxg5 24. Nc6 Bf6 25. Qd3 Qh5 26. Rce1 Rb7 27. b3 Ra8
28. Qe4 h6 29. Rhg1 Qxh2 30. Rh1 Rxb3+ 31. Kc1 Qf2 32. cxb3 Qb2+ 33. Kd1 Qxb3+
34. Qc2 Qxd5+ 35. Ke2 Re8+ 36. Kf2 Rxe1 37. Rxe1 Bh4+ 38. Kg2 Qg5+ 39. Kf1 Bxe1
40. Kxe1 Qg1+ 41. Ke2 Qe3+ 42. Kd1 Qxf3+ 43. Kc1 Qe3+ 44. Kb2 f3 45. a5 f2 46.
a6 f1=Q 47. a7 Qb6+ 48. Ka2 Qfa6+ 49. Na5 Qaxa5+ 50. Qa4 Qxa4# 0-1

[Event "Euro Online U2300 Day 1"]
[Site "chess.com INT"]
[Date "2020.05.25"]
[Round "5"]
[White "Pulkkinen, Kari"]
[Black "Buehler, Michael"]
[Result "1-0"]
[WhiteTitle "FM"]
[WhiteElo "2232"]
[BlackElo "2087"]
[WhiteFideId "500712"]
[BlackFideId "1326490"]
[EventDate "2020.05.25"]

1. e4 e5 2. Bc4 Nf6 3. d3 c6 4. Nf3 d6 5. O-O Be7 6. c3 O-O 7. Nbd2 Nbd7 8. Bb3
Nc5 9. Bc2 Bg4 10. Re1 Ne6 11. h3 Bh5 12. Nf1 Ne8 13. Ng3 Bxf3 14. Qxf3 g6 15.
Bh6 N8g7 16. Rad1 Bg5 17. Bxg5 Qxg5 18. d4 Rad8 19. Bb3 Nf4 20. Nf1 Nge6 21. Qg4
h5 22. Qxg5 Nxg5 23. h4 Nh7 24. Ne3 b5 25. g3 Ne6 26. d5 cxd5 27. Nxd5 Nc5 28.
Bc2 Kg7 29. Rd2 Nf6 30. Nc7 a6 31. b4 Nb7 32. a4 bxa4 33. Bxa4 Rc8 34. Nxa6 Rxc3
35. Rc2 Rfc8 36. Rxc3 Rxc3 37. Kg2 Kf8 38. f3 Ke7 39. Re2 Nd7 40. Rc2 Rxc2+ 41.
Bxc2 Nb6 42. Bb3 f6 43. Nc7 Nd8 44. b5 Nb7 45. Nd5+ Nxd5 46. Bxd5 Nc5 47. Kf2 g5
48. Ke3 Na4 49. Kd3 Nb6 50. Bb3 gxh4 51. gxh4 Nd7 52. Kc3 Nf8 53. b6 Kd7 54. Bf7
Kc6 55. Bxh5 Kxb6 56. Kc4 Kc6 57. Bf7 Nh7 58. Bg8 Nf8 59. h5 Kd7 60. h6 Ke7 61.
h7 Ng6 62. Kd5 f5 63. exf5 Nh8 64. Kc6 Kf6 65. Be6 Kg7 66. Kxd6 Kxh7 67. Kxe5
Kg7 68. f4 Nf7+ 69. Bxf7 Kxf7 70. f6 Kf8 71. Ke6 Ke8 72. f7+ Kf8 73. f5 Kg7 74.
Ke7 1-0